Chernobyl quizz - Statistics

General Stats
  • This quiz has been taken 129 times
  • The average score is 6 of 14
Answer Stats
Hint Answer % Correct
the nearest city to chernobyl pripyat
76%
The year in which the entire power plant was shut down 2000
72%
The element in the control rods which proved to be a fatal flaw in the AZ- 5 system Graphite
66%
The soviet premiere (Head of the soviet union) during the disaster Mikhail Gorbachev
65%
The Deputy chief engineer Anatoly Dyatlov
64%
The soviet leader's name was honored as the officialname of the chernobyl plant Vladmir Lenin
59%
what element was initially dropped on the reactor core to extinguish the burning reactor flames Boron
56%
The man behind the cleanup and containment measures after the explosion (was also a nuclear scientist) Valery Legasov
48%
The reactors name in terms of RBMK ( RBMK______)(its a number) 1000
38%
deadly form of iodine responsible for ARS and cancersIODINE______ (its a number) 131
21%
the hospital in Moscow where the affectedfireman were taken to Hospital 6
19%
The main principle behind steam generation and cooling of the reactor chore positive void coeffecient
1%
AZ-5 was used for what purpose Shutdown of reactor
1%
The name of the plant director duringthe time of disaster Viktor byurkhanov
1%
No matching quizzes found
Score Distribution
Percent of People with Each Score
Percentile by Number Answered
Your Score History
You have not taken this quiz